| 000 | 00668nam a2200205 u 4500 | ||
|---|---|---|---|
| 001 | 000805083 | ||
| 003 | AM-YeHGA | ||
| 005 | 20250617144341.0 | ||
| 008 | 110421s1974 ||||||||||||||||||||rus|c | ||
| 040 | _aAM-YeHGA | ||
| 041 | 0 | _arus | |
| 245 | 0 | 0 |
_aОвощеводство защищенного грунта / _cПод. ред. С.Ф. Ващенко. |
| 260 |
_aМосква : _bКолос, _c1974. |
||
| 300 |
_a352 с. : _bил. ; _c21 см. |
||
| 500 | _aПрил. : с. 332-347 | ||
| 504 | _aЛит. : с. 348-349 | ||
| 650 | 1 | 4 | _aОвощеводство |
| 700 | 1 |
_aВащенко, Стефанида Федотовна _eред. _4edt |
|
| 090 | _c294207 | ||
| 999 |
_c292523 _d292523 |
||